Valoración de una página Web para la promoción de los servicios de impresión y artículos publicitarios a negocio SCH, a través de un estudio de factibilidad
Presenta estudio de factibilidad de diseño de Pagina Web que permita comercializar los servicios que ofrece el negocio SCH y determinar si de esa forma incrementaran sus ingresos, se identifican los requerimientos técnicos del proyecto y se evalúan alternativas para el diseño de la página Web....
| Main Authors: | , |
|---|---|
| Other Authors: | |
| Format: | Tesis Section = Libro |
| Language: | Undetermined Spanish |
| Published: |
Managua
UNI
2011
|
| Subjects: |
| LEADER | 01203nam a2200253Ia 4500 | ||
|---|---|---|---|
| 008 | 240830s9999 xx 000 0 und d | ||
| 040 | |a BIBLIOTECA-RUSB/ T.Mon 006.6 M828 | ||
| 041 | |a spa | ||
| 082 | |a T.Mon 006.6 M828 | ||
| 100 | 1 | |a Morales Anderson, Marcos Adán | |
| 100 | 1 | |b Márquez Castro, Yader Roberto | |
| 245 | 1 | 0 | |a Valoración de una página Web para la promoción de los servicios de impresión y artículos publicitarios a negocio SCH, a través de un estudio de factibilidad |
| 260 | |a Managua |b UNI |c 2011 | ||
| 300 | |a 32 p. :il. | ||
| 502 | |a Tesis (Ingeniero en Computación) - UNI, 2011. | ||
| 520 | 3 | |a Presenta estudio de factibilidad de diseño de Pagina Web que permita comercializar los servicios que ofrece el negocio SCH y determinar si de esa forma incrementaran sus ingresos, se identifican los requerimientos técnicos del proyecto y se evalúan alternativas para el diseño de la página Web. | |
| 650 | 7 | |a HARDWARE Y SOFTWARE | |
| 650 | 7 | |b SELECCIÓN Y USO DE EQUIPOS DE COMPUTADORES | |
| 650 | 7 | |c ARQUITECTURA WEB | |
| 650 | 7 | |d COMERCIO ELECTRÓNICO | |
| 700 | 1 | |a Tutor: |b Nororí Paguaga, Verónica | |
| 942 | |c BK |2 ddc | ||
| 991 | |a TESIS | ||
| 999 | |c 21622 | ||